000 00917nam a2200277 i 4500
001 16128
003 ES-MaACL
005 20230906151242.0
007 t|
008 000627s1997 mx ||||1| spa d
020 _a968-16-2645-1
080 _a930.1
080 _a930.85
100 1 _aIbn Jaldun, Abd al-Rahman b. Muhammad.
_965014
245 1 0 _aIntroducción a la historia universal
_b: (Al-Muqaddimah) /
_cIbn Jaldún ; estudio preliminar, revisión y apéndices de Elías Trabulse.
250 _a1ª ed. en español, 2ª reimp.
260 _aMéxico :
_bFondo de Cultura Económica,
_c1997.
300 _a1165 p. ;
_c24 cm.
490 1 _aSección de obras de historia
650 4 _aHistoria-
_xFilosofía.
_913380
650 0 0 _aCivilización.
_911079
700 1 _aTrabulse, Elías.
_9111207
830 1 _aSección de obras de historia
_9179403
852 _aES-MaACL
_jL-23279
999 _c16128
_d16128